000 00769naa a22002417u 4500
001 16551
003 HDC
007 cr bn ---aaaaa
008 210221txx xx xx a 000 0 eng
040 _aHDC
245 0 _aBanking on Trade Finance
260 _a[No place] :
_b[publisher not identified],
_c2010
336 _atext
_2rdacontent
337 _acomputer
_2rdamedia
338 _aonline resource
_2rdacarrier
650 _aHalal food industry
_94981
650 _aIslamic ethics
_9277
710 _aISLAMIC FINANCE ASIA
856 _zRequest full-text at [email protected]
942 _2lcc
942 _cEIS
942 _kEMAG 000524
999 _c13867
_d13867